00896nam a2200265Ia 45000010006000000050017000060070003000230080041000260400025000670410008000920820018001001000019001182450060001372500014001972600041002113000026002526530012002786530017002906530015003077000020003229420012003429520127003549520132004819990017006133682920240114001909.0ta070512s1978 a g b000 u asm u aCotton College Assam aasm a799.2bC 35 K aCorbett, Jim . 0aKumayunar Narakhadak /cJim Corbett.hTextual Documents a1st ed. / aGuwahati :bDuttaBarua & Co ,c1978. a21p. :bill ;c22cm . aHunting aG-Technology aT/G-Sports aChaliha, H.P. . 2ddccBK 001040708Circulation (G)aSKBLbSKBLd2012-02-01f00000l0o799.2 C 35 Kp76279r2024-01-14 00:00:00t1w2012-02-01yBK 001040708Circulation (T/G)aSKBLbSKBLd2012-02-01f00000l0o799.2 C 35 Kp4535/Newr2024-01-14 00:00:00t2w2012-02-01yBK c36811d36811